000 00696nam a22002057a 4500
005 2010081401351.0
010 _aENG-100662
020 _c80.00
035 _aEN-84195
037 _bDBAD/PUB
082 _a239.1
100 _aJones, George Arnsby
_914166
245 _aThe harvest is rich:
_cby George Arnsby Jones
_bthe mission of Kirpal Singh /
260 _aIndore
_bKirpal Sewashram
_c2007
270 _bIndore
_e452009
_aPiot 5-A, Scheme 71-C
300 _a176p.
_c21cm (pbk)
700 _914128
942 _2ddc
_cEN
_h239.1
_mJON
999 _c42231
_d42231